000 00829nam a22002657i 4500
003 URS
005 20220117120637.0
008 180515b xxu||||| |||| 00| 0 eng d
020 _a0715805878 :
_c£3.00
040 _aDLC
_erda
_cURS
_dDLC
_beng
050 0 0 _aGV885
_b.C592 1991
100 1 _aColeman, Brian,
_d1933-
245 1 0 _aBasketball /
_c[by] Brian Coleman, Peter Ray.-
264 1 _aWakefield :
_bEP Publishing,
_c1991.
300 _a160 pages :
_billustrations ;
_c21 cm
336 _atext
_btxt
_2rdacontent
337 _aunmediated
_bn
_2rdamedia
338 _avolume
_bnc
_2rdacarrier
490 0 _aEP sport series
500 _aOn cover: "An official E.B.B.A. publication."
650 0 _aBasketball.
700 1 _aRay, Peter,
_ejoint author.
906 _a7
_bcbc
_corignew
_d3
_encip
_f19
_gy-gencatlg
942 _2lcc
_cFR
999 _c5093
_d5093